Petras, Renate, Das Schloß in Berlin : [Rezension]

Gespeichert in:
Bibliographische Detailangaben
Veröffentlicht in:Kritische Berichte 22(1994), 1, Seite 84-85
VerfasserIn: Rüger, Maria (VerfasserIn)
Dokumenttyp: Online-Ressource Aufsatz
Sprache:German
Veröffentlicht: 1994
Schlagwörter:
Online Zugang:kostenfrei
kostenfrei
Bibliogr. Hinweis:In: Kritische Berichte
Rezension von: Das Schloss in Berlin
Verantwortlich:Maria Rüger
LEADER 02461caa a2200517 c 4500
001 1469395029
003 DE-627
005 20260227102831.0
007 cr cn 008aaaaa
008 140108s1994 xx |||||oo 00| ||ger c
024 7 |a urn:nbn:de:bsz:16-kb-104466  |2 urn 
024 7 |a 10.11588/kb.1994.1.10446  |2 doi 
035 |a (DE-627)1469395029 
035 |a (DE-576)399395024 
035 |a (DE-599)BSZ399395024 
035 |a (OCoLC)1263331575 
040 |a DE-627  |b ger  |c DE-627  |e rakwb 
041 |a ger 
084 |a 9,10  |2 ssgn 
100 1 |a Rüger, Maria  |0 (DE-588)1046121782  |0 (DE-627)775762016  |0 (DE-576)166470481  |4 aut 
245 1 0 |a Petras, Renate, Das Schloß in Berlin  |b [Rezension]  |c Maria Rüger 
264 1 |c 1994 
336 |a Text  |b txt  |2 rdacontent 
337 |a Computermedien  |b c  |2 rdamedia 
338 |a Online-Ressource  |b cr  |2 rdacarrier 
533 |a Online-Ausg.  |b Heidelberg  |c Univ.-Bibl.  |d 2013  |e Online-Ressource  |7 |2013|||||||||| 
583 1 |a Archivierung/Langzeitarchivierung gewährleistet  |x XA-DE-BW  |2 pdager  |5 DE-16 
655 7 |a Rezension  |0 (DE-588)4049712-4  |0 (DE-627)106186019  |0 (DE-576)209083166  |2 gnd-content 
689 0 0 |d g  |0 (DE-588)4005728-8  |0 (DE-627)10482638X  |0 (DE-576)208862560  |a Berlin  |2 gnd 
689 0 1 |d g  |0 (DE-588)4137109-4  |0 (DE-627)104766662  |0 (DE-576)20967489X  |a Stadtschloss Berlin  |g Berlin  |2 gnd 
689 0 2 |a z  |2 gnd  |a Geschichte 1918-1950 
689 0 |5 (DE-627) 
773 0 8 |i In  |t Kritische Berichte  |d Heidelberg : arthistoricum.net, 1973  |g 22(1994), 1, Seite 84-85  |h Online-Ressource  |w (DE-627)751049069  |w (DE-600)2722286-X  |w (DE-576)385942125  |x 2197-7410  |7 nnas 
773 1 8 |g volume:22  |g year:1994  |g number:1  |g pages:84-85 
787 0 8 |i Rezension von  |a Petras, Renate, 1922 - 2007  |t Das Schloss in Berlin  |d Berlin [u.a.] : Verl. für Bauwesen, 1992  |h 160 S.  |w (DE-627)276862929  |w (DE-576)030844886  |z 3345005387 
856 4 0 |u http://nbn-resolving.de/urn:nbn:de:bsz:16-kb-104466  |x Verlag  |x Resolving-System  |z kostenfrei  |3 Volltext  |7 0 
856 4 0 |u http://dx.doi.org/10.11588/kb.1994.1.10446  |x Verlag  |x Resolving-System  |z kostenfrei  |3 Volltext  |7 0 
935 |h SWB  |i ld 
951 |a AR 
994 |u https://ahnp.ub.uni-heidelberg.de/journals/kb/article/view/10446 
994 |u https://ahnp.ub.uni-heidelberg.de/journals/kb/article/view/10446/4302 
990 |a Berlin 
990 |a Stadtschloss Berlin 
990 |a Geschichte 1918-1950 
991 |a Rezension (Monographie, Zeitschrift, Aufsatz) 
999 |a KXP-PPN1469395029  |e 4001636182